Les principales guerres auxquelles a participé la France. - Statistiques

Statistiques générales
  • Ce quiz a été pris 1 333 fois
    935 depuis la dernière actualisation
  • Le résultat moyen est 8 sur 11
Statistiques - réponses
Dates Ennemis de la France Guerres % Correct
1914-1918 Allemagne Autriche-Hongrie Empire ottoman Bulgarie Première Guerre Mondiale
96%
1939-1945 Allemagne Italie Japon Seconde Guerre Mondiale
96%
1337-1453 Angleterre Guerre de Cent Ans
93%
1803-1815 Royaume-Uni Autriche Russie Prusse Guerres napoléoniennes
76%
58-51 av J-C Rome Guerre des Gaules
70%
1096-1270 Seldjoukides Berbères Ayyoubides Mamelouks Croisades
69%
1870-1871 Prusse Guerre de 1870
59%
1756-1763 Royaume-Uni Prusse Guerre de Sept Ans
59%
1618-1648 Saint Empire Espagne Guerre de Trente Ans
56%
1792-1802 Royaume-Uni Saint Empire Russie Provinces Unies Guerres de la Révolution française
54%
1775-1783 Royaume-Uni Guerre d'Indépendance américaine
49%
Aucun quiz correspondant
Distribution des résultats
% des personnes avec chaque résultat
Percentile par nombre de réponses
Votre historique - résultats
Vous n’avez pas pris ce quiz depuis la dernière actualisation